LEADER 01152nam 2200349 a 450 001 9910691386203321 005 20011024093901.0 035 $a(CKB)5470000002345508 035 $a(OCoLC)48203177 035 9 $aocm48203177 035 $a(OCoLC)995470000002345508 035 $a(EXLCZ)995470000002345508 100 $a20011024d2001 ua 0 101 0 $aeng 135 $auran|||||| 181 $ctxt$2rdacontent 182 $cc$2rdamedia 183 $acr$2rdacarrier 200 10$aFinancial management$b[electronic resource] $eimprovements in Air Force fund balance with Treasury reconciliation process : report to agency officials /$fUnited States General Accounting Office 210 1$a[Washington, D.C.] :$cThe Office,$d[2001] 300 $a"GAO-01-847." 300 $a"July 2001." 300 $aPaper version available from the General Accounting Office. 300 $aTitle from title screen. 320 $aIncludes bibliographical references. 517 $aFinancial management 801 0$bGPO 801 1$bGPO 906 $aBOOK 912 $a9910691386203321 996 $aFinancial Management$9424135 997 $aUNINA